| 000 | 01024nam0a2200277 4500 | ||
|---|---|---|---|
| 001 | RU\NLR\bibl\483245 | ||
| 005 | 20250623193337.0 | ||
| 021 |
_aRU _b2003-66022 _93253 |
||
| 035 | _a(NLR Aleph) 000476011 | ||
| 090 |
_a1023674 _c1023674 |
||
| 100 | _a20040126d2003 |||y0rusy50 ca | ||
| 101 | 0 | _arus | |
| 102 | _aRU | ||
| 105 | _aa ||||||||| | ||
| 200 | 1 |
_aКак нам обустроить и возвысить Россию? _eНовая формула народовластия, эффектив. государства, гражд. о-ва _fБ. Г. Братенков |
|
| 210 |
_aМ. _cИзд-во МГУЛ _d2003 |
||
| 215 |
_a55, [1] с. _cил. _d21 |
||
| 606 | 0 |
_aНародовластие _yРоссийская Федерация _92117869 _3RU\NLR\auth\661279228 |
|
| 686 | _aХ620.21 | ||
| 700 | 1 |
_aБратенков _bБ. Г. _gБорис Георгиевич _4070 |
|
| 801 | 0 |
_aRU _bNLR _c20040126 _gPSBO |
|
| 801 | 1 |
_aRU _bNLR _c20040126 |
|
| 942 | _cBOOK | ||
| 980 | _aNB | ||